Landlocked Countries of Europe Quiz - Statistics

General Stats
  • This quiz has been taken 68 times
  • The average score is 14 of 15
Answer Stats
Countries % Correct
Austria
98%
Hungary
98%
Slovakia
97%
Switzerland
97%
Vatican City
97%
CzechRepublic
95%
Liechtenstein
95%
Serbia
95%
Andorra
93%
Belarus
93%
Luxembourg
93%
Kosovo
92%
San Marino
92%
NorthMacedonia
88%
Moldova
87%
No matching quizzes found
Score Distribution
Percent of People with Each Score
Percentile by Number Answered
Your Score History
You have not taken this quiz